[Event "Challenge"]
[Site "http://www.queenalice.com/game.php?id=1514099"]
[Date "2018.1.30"]
[Round "-"]
[White "cavaliernoir"]
[Black "Iceberg"]
[Result "1-0"]
[WhiteElo "1408"]
[BlackElo "1362"]

1. e4 e5 2. Nf3 d6 3. d3 c6 4. Be3 b5 5. d4 f6 6. Bd3 g5 7. Nc3 h5 8. dxe5 g4 9.
Nd4 fxe5 10. Nf5 a5 11. a4 b4 12. Ne2 c5 13. Bc4 Ne7 14. Bg5 Rg8 15. Bh6 d5 16.
Nxe7 Qxe7 17. Bxd5 Bb7 18. Bxg8 Bxh6 19. Bd5 Ra6 20. Ng3 Qg5 21. Bxb7 h4 22.
Bxa6 Nxa6 23. Nf5 Bf8 24. Qd5 b3 25. Qxe5+ Kf7 26. O-O h3 27. cxb3 Nb4 28. Rad1
Nc6 29. Qc7+ Ne7 30. Nxe7 Bxe7 31. Qxa5 g3 32. fxg3+ 1-0

[Event "Challenge"]
[Site "http://www.queenalice.com/game.php?id=1514214"]
[Date "2018.1.31"]
[Round "-"]
[White "elisa"]
[Black "Iceberg"]
[Result "1-0"]
[WhiteElo "1243"]
[BlackElo "1348"]

1. e4 e5 2. Nf3 f6 3. Bc4 d5 4. Bxd5 c6 5. Bc4 Bc5 6. O-O b5 7. Bb3 Ne7 8. d3 g5
9. Be3 Na6 10. Nc3 Bg4 11. Qe2 h5 12. h3 b4 13. Na4 Bxf3 14. Qxf3 Ng6 15. Nxc5
Nh4 16. Qg3 Nxc5 17. Bxc5 a5 18. Ba4 Rc8 19. Rad1 f5 20. Qxe5+ Kf7 21. Bb3+ Qd5
22. Bxd5+ cxd5 23. d4 Ng6 24. Qd6 Rce8 25. Qd7+ Kf6 26. e5+ 1-0

[Event "Let's Play Chess!"]
[Site "http://www.queenalice.com/game.php?id=1798227"]
[Date "2022.10.19"]
[Round "-"]
[White "igor12345"]
[Black "Iceberg"]
[Result "1-0"]
[WhiteElo "1987"]
[BlackElo "1304"]

1. e4 e5 2. f4 Nc6 3. Nf3 Nf6 4. Nc3 Bc5 5. fxe5 Nh5 6. d4 Bb4 7. d5 Ne7 8. g4
Nf4 9. Bxf4 Ng6 10. Bg5 f6 11. exf6 gxf6 12. Bh6 d6 13. h3 a6 14. a3 Bxc3+ 15.
bxc3 c5 16. Bd3 Ne5 17. Qe2 Qa5 18. Kd2 b5 19. Nxe5 fxe5 20. Bg7 Rg8 21. Bf6 c4
22. g5 Rg6 23. Qh5 Ra7 24. Be2 Qb6 25. Qf3 Rf7 26. h4 Rg8 27. Rhf1 a5 28. Qg3
Qc5 29. Bh5 Qc7 30. Bxf7+ Qxf7 31. Bxe5 Qg6 32. Bxd6 Qxe4 33. Rae1 Qxe1+ 34.
Rxe1+ Kd7 35. Qe5 Bb7 36. Qe7+ Kc8 37. Qc7# 1-0

[Event "Let's Play Chess!"]
[Site "http://www.queenalice.com/game.php?id=1798235"]
[Date "2022.10.22"]
[Round "-"]
[White "Iceberg"]
[Black "ulisses34"]
[Result "1-0"]
[WhiteElo "1241"]
[BlackElo "1619"]

1. d4 d5 2. b4 e6 3. Nf3 Bxb4+ 4. c3 Be7 5. a4 Nf6 6. Ne5 O-O 7. f3 Nfd7 8. h4
Bxh4+ 9. Kd2 Nxe5 10. dxe5 Qg5+ 11. e3 Bg3 12. f4 Qg6 13. Bd3 Qxd3+ 14. Kxd3 1-0

[Event "Challenge"]
[Site "http://www.queenalice.com/game.php?id=1798252"]
[Date "2022.10.20"]
[Round "-"]
[White "MASTROIANNI"]
[Black "Iceberg"]
[Result "1-0"]
[WhiteElo "1137"]
[BlackElo "1300"]

1. e4 c5 2. Nc3 e5 3. Bb5 a6 4. Bd3 Nf6 5. Nf3 Nc6 6. b3 d5 7. exd5 Nd4 8. Be4
Nxe4 9. Nxe4 Bf5 10. d3 Qa5+ 11. Bd2 Qa3 12. c3 Bg4 13. cxd4 Bxf3 14. Qxf3 Qb2
15. O-O Qxd4 16. Bc3 Qxd5 17. Nf6+ gxf6 18. Qxd5 Rd8 19. Qxb7 h5 20. Rad1 h4 21.
Rfe1 h3 22. f4 c4 23. bxc4 Bc5+ 24. Kh1 Rg8 25. gxh3 Rd7 26. Qxa6 Rg6 27. Qc8+
Ke7 28. Re4 f5 29. Qxc5+ Ke6 30. Rxe5+ Kf6 31. Re3+ Rd4 32. Bxd4# 1-0

[Event "AUTO-OPEN-4398"]
[Site "http://www.queenalice.com/game.php?id=1798291"]
[Date "2022.10.20"]
[Round "1"]
[White "Pipo712"]
[Black "Iceberg"]
[Result "1-0"]
[WhiteElo "2022"]
[BlackElo "1294"]

1. e4 c5 2. Nc3 b5 3. Bxb5 a6 4. Be2 Nc6 5. Nf3 f6 6. d4 d6 7. dxc5 dxc5 8.
Qxd8+ Kxd8 9. Be3 e5 10. Na4 Nb4 11. Kd2 Rb8 12. Nxc5 h6 13. a3 Nc6 14. Nxa6
Rxb2 15. Kc3 Rb8 16. Nxb8 g5 17. Nxc6+ Ke8 18. Rhd1 h5 19. Rd8+ Kf7 20. Rxc8 Nh6
21. Bc4+ Kg6 22. Bc5 Bxc5 23. Rxh8 Bd4+ 24. Nfxd4 exd4+ 25. Nxd4 Kg7 26. Rxh6
Kxh6 27. a4 1-0

[Event "AUTO-OPEN-4398"]
[Site "http://www.queenalice.com/game.php?id=1798292"]
[Date "2022.10.20"]
[Round "1"]
[White "Iceberg"]
[Black "Pipo712"]
[Result "0-1"]
[WhiteElo "1290"]
[BlackElo "2019"]

1. d4 d5 2. Nf3 Nf6 3. Nc3 e6 4. Ne5 c5 5. Bg5 Nc6 6. e3 Bd6 7. Ng4 h6 8. Bf4
Nxg4 9. Qxg4 Bxf4 10. Qxf4 cxd4 11. exd4 Qf6 12. g3 Nxd4 13. O-O-O Qxf4+ 14.
gxf4 Nf5 15. a4 a6 16. b4 Bd7 17. a5 Rc8 18. b5 Rxc3 19. bxa6 bxa6 20. Bxa6 Ra3
21. Kd2 Rxa5 22. Bb7 Nd6 23. Bxd5 Rxd5+ 24. Ke3 Bc6 25. Ra1 Ke7 26. Ra7+ Bb7 27.
f5 Ra8 28. Rha1 Rxa7 29. Rxa7 Nxf5+ 30. Ke4 Ra5+ 31. Kf4 Rxa7 32. c4 Kd6 33. h4
Ra4 34. h5 Rxc4# 0-1

[Event "AUTO-OPEN-4398"]
[Site "http://www.queenalice.com/game.php?id=1798311"]
[Date "2022.10.20"]
[Round "1"]
[White "Pin"]
[Black "Iceberg"]
[Result "1-0"]
[WhiteElo "2054"]
[BlackElo "1306"]

1. d4 d5 2. c4 f5 3. Nf3 Nf6 4. Nc3 dxc4 5. a4 c6 6. e3 Na6 7. Bxc4 e6 8. O-O
Bd6 9. Ng5 Ke7 10. f3 h6 11. Nh3 g5 12. Nf2 Nb4 13. Nd3 a5 14. Bd2 Nxd3 15. Bxd3
Bb4 16. Qe2 Nd5 17. e4 Nf4 18. Bxf4 gxf4 19. exf5 Qb6 20. Kh1 Qxd4 21. Rad1 Ke8
22. fxe6 Be7 23. Bg6+ Kd8 24. Rxd4+ Bd7 25. Rxd7+ Kc8 26. Ne4 Rf8 27. Nd6+ Bxd6
28. Rxd6 Rf6 29. Bf7 Kc7 30. Rfd1 b5 31. axb5 Rxf7 32. exf7 1-0

[Event "AUTO-OPEN-4398"]
[Site "http://www.queenalice.com/game.php?id=1798312"]
[Date "2022.10.20"]
[Round "1"]
[White "Iceberg"]
[Black "Pin"]
[Result "0-1"]
[WhiteElo "1302"]
[BlackElo "1969"]

1. d4 Nf6 2. Nc3 d5 3. Nf3 g6 4. g3 Bg7 5. Ne5 Nbd7 6. a4 c6 7. a5 Nxe5 8. Bf4
Nc4 9. Na4 O-O 10. Nc5 Nxb2 11. Qb1 Nc4 12. c3 Nxa5 13. e3 b6 14. Nd3 Nc4 15. f3
Nh5 16. g4 Nf6 17. h4 h5 18. g5 Ne8 19. Ne5 Nxe5 20. dxe5 Bf5 21. Qb3 Be6 22.
Bd3 d4 23. Qa3 dxc3 24. Qxc3 Qc7 25. Be4 Rc8 26. O-O c5 27. Bg3 b5 28. f4 Bc4
29. Rfd1 Be6 30. Ra5 Bc4 31. Qa1 Be2 32. Rd2 Bg4 33. Rxb5 f5 34. Bd5+ Kh7 35. e4
fxe4 36. Bxe4 c4 37. Qa4 c3 38. Rc2 Bd1 39. Rb7 Qc5+ 40. Bf2 Bxc2 41. Qxc2 Qa5
42. Bxg6+ Kh8 43. Rxe7 Qa1+ 44. Kg2 Qb2 45. Be3 Qxc2+ 46. Bxc2 Nc7 47. f5 Nd5
48. Re6 Nxe3+ 0-1

[Event "AUTO-INT-3776"]
[Site "http://www.queenalice.com/game.php?id=1798328"]
[Date "2022.10.20"]
[Round "1"]
[White "xadreco5"]
[Black "Iceberg"]
[Result "1-0"]
[WhiteElo "1525"]
[BlackElo "1271"]

1. d4 d5 2. c4 Nf6 3. Nc3 c6 4. Nf3 Qa5 5. Bd2 Qb4 6. Na4 Qxc4 7. e4 Qxf1+ 8.
Rxf1 Nxe4 9. Nc3 Bf5 10. Nxe4 dxe4 11. Ne5 a5 12. Qb3 e6 13. Qxb7 Bd6 14. Qxa8
Ke7 15. Nxc6+ Kf6 16. Bc3 Rf8 17. d5+ e5 18. Nxe5 Bxe5 19. Bxe5+ Kxe5 20. Qxa5
1-0

[Event "AUTO-INT-3776"]
[Site "http://www.queenalice.com/game.php?id=1798329"]
[Date "2022.10.20"]
[Round "1"]
[White "Iceberg"]
[Black "xadreco5"]
[Result "0-1"]
[WhiteElo "1292"]
[BlackElo "1631"]

1. d4 d6 2. e4 Nf6 3. d5 g6 4. b4 Bg7 5. Bb5+ c6 6. dxc6 bxc6 7. Bd3 O-O 8. f4
Nxe4 9. Bxe4 Bxa1 10. c3 d5 11. Bd3 d4 12. c4 Bc3+ 13. Kf1 Bxb4 14. a3 Bc5 15.
h4 h5 16. Qf3 Bg4 17. Qf2 Nd7 18. Nd2 e5 19. Ne4 f5 20. Ng5 Qa5 21. Ne6 Rfe8 22.
Be2 d3 23. Nxc5 dxe2+ 24. Nxe2 Nxc5 25. Qe3 Bxe2+ 26. Kg1 Qe1+ 27. Kh2 Qxh4+ 28.
Kg1 Qe1+ 29. Kh2 Qa5 30. Qxe2 exf4 31. Qf3 Re4 32. Bxf4 Ne6 33. Bh6 Rh4+ 34. Kg3
Rxh1 35. Qxc6 Qc3+ 36. Kf2 Qe1+ 37. Kf3 Rf1# 0-1

[Event "AUTO-INT-3776"]
[Site "http://www.queenalice.com/game.php?id=1798344"]
[Date "2022.10.20"]
[Round "1"]
[White "juim"]
[Black "Iceberg"]
[Result "0-1"]
[WhiteElo "1599"]
[BlackElo "1288"]

1. e4 e5 2. d4 Nf6 3. Nc3 Bb4 4. Bd2 exd4 5. Na4 b5 6. Bxb4 bxa4 7. c3 a5 8. Bc5
Nxe4 9. cxd4 d6 10. Ba3 O-O 11. Bd3 f5 12. Qxa4 Bd7 13. Qc2 Nc6 14. f3 Nxd4 15.
Qc4+ Be6 16. Qxd4 c5 17. Qe3 Qh4+ 18. Ke2 Rab8 19. Nh3 f4 20. Qc1 Bd5 21. Bxe4
Rfe8 22. Qxf4 Qh5 23. Rad1 Rxe4+ 24. Kd3 Rxf4 25. Nxf4 Qf5+ 26. Ke3 Re8+ 27. Kf2
Qxf4 28. Rd3 Bc4 29. Rc3 Re2+ 0-1

[Event "AUTO-INT-3776"]
[Site "http://www.queenalice.com/game.php?id=1798345"]
[Date "2022.10.20"]
[Round "1"]
[White "Iceberg"]
[Black "juim"]
[Result "0-1"]
[WhiteElo "1316"]
[BlackElo "1564"]

1. e4 d5 2. e5 e6 3. d4 Nc6 4. Nf3 Bb4+ 5. c3 Ba5 6. Bb5 Bd7 7. a4 Nce7 8. Ng5
c6 9. b4 cxb5 10. bxa5 h6 11. Nh3 Nf5 12. g4 Nh4 13. Nf4 bxa4 14. Na3 Ne7 15. c4
dxc4 16. Nxc4 O-O 17. Nh5 Bc6 18. Rg1 Nf3+ 19. Kf1 Nxg1 20. Kxg1 Qd5 21. Ne3 Qd7
22. f4 Nd5 23. g5 hxg5 24. fxg5 f6 25. gxf6 gxf6 26. Qg4+ Kf7 27. Ba3 Rg8 28. h3
Rxg4+ 29. Nxg4 f5 30. Rf1 Rh8 31. Nhf6 Nxf6 32. Nxf6 Qxd4+ 33. Kh2 Qd3 0-1

[Event "AUTO-INT-3776"]
[Site "http://www.queenalice.com/game.php?id=1798356"]
[Date "2022.10.20"]
[Round "1"]
[White "Iceberg"]
[Black "Curie"]
[Result "1-0"]
[WhiteElo "1265"]
[BlackElo "1598"]

1. d4 d5 2. c4 dxc4 3. Nc3 e6 4. Ne4 Be7 5. h4 Nf6 6. Qa4+ Bd7 7. Qxc4 Nxe4 8.
d5 Nf6 9. e4 exd5 10. exd5 b5 11. Qd4 O-O 12. f3 Nh5 13. g4 Bxh4+ 14. Kd1 Bf6
15. Qf2 g6 16. Ne2 Ng7 17. Nf4 c6 18. Qh2 Re8 19. Qxh7+ Kf8 20. d6 Ne6 21. Nxe6+
Bxe6 22. Bh6+ Bg7 23. Qh8# 1-0

[Event "AUTO-INT-3776"]
[Site "http://www.queenalice.com/game.php?id=1798357"]
[Date "2022.10.20"]
[Round "1"]
[White "Curie"]
[Black "Iceberg"]
[Result "1-0"]
[WhiteElo "1602"]
[BlackElo "1310"]

1. e4 e5 2. d3 c5 3. Nf3 Nc6 4. Bg5 f6 5. Bh4 g5 6. Bg3 g4 7. Nh4 b5 8. Qxg4 Nh6
9. Qh5+ Nf7 10. Nc3 Nd4 11. O-O-O a5 12. Nf5 b4 13. Nb5 b3 14. Nbd6+ Bxd6 15.
Nxd6+ Ke7 16. Nxf7 Qg8 17. Nxh8 bxc2 18. Rd2 Qxa2 19. Rxc2 Nb3+ 20. Kd1 Qb1+ 21.
Ke2 Qxc2+ 22. Kf3 Qd1+ 23. Be2 Nd4+ 24. Ke3 Qxh1 25. Qf7+ Kd6 26. Qxf6+ Kc7 27.
Bxe5+ d6 28. Bxd4 Qc1+ 29. Kf3 cxd4 30. e5 Bb7+ 31. Kg3 Rg8+ 32. Bg4 h5 33. Qf7+
Kb6 34. Qxg8 h4+ 35. Kxh4 Bxg2 36. Qb8+ Kc5 37. Qc8+ Bc6 38. e6 Qh6+ 39. Kg3 Qg5
40. Nf7 Qe7 41. b3 Qb7 42. Nxd6 Kxd6 43. Qd8+ Kc5 44. Bh5 Kb4 45. Bd1 Qg7+ 46.
Bg4 Qe5+ 47. Kh4 Qxh2+ 48. Kg5 Qe5+ 49. Bf5 Kxb3 50. Qb6+ Bb5 51. Qxa5 Kc2 52.
Qa2+ Kd1 53. e7 Qxe7+ 54. Kf4 Bxd3 55. Bxd3 Qc7+ 56. Kf3 Qc3 57. Qe2+ Kc1 58.
Ke4 Qxd3+ 59. Kxd3 1-0